Zoomed-In Flags 1 - Statistics

General Stats
  • This quiz has been taken 68 times
  • The average score is 14 of 16
Answer Stats
Picture Answer % Correct
India
100%
Portugal
98%
Uruguay
94%
Algeria
92%
Cuba
90%
Montenegro
90%
Iran
88%
Malaysia
88%
Uzbekistan
88%
Moldova
82%
Greece
78%
Honduras
78%
Antigua and Barbuda
76%
Djibouti
76%
Marshall Islands
76%
Burundi
71%
No matching quizzes found
Score Distribution
Percent of People with Each Score
Percentile by Number Answered
Your Score History
You have not taken this quiz